Times Brasileirão série A 2012 - Statistics

Estatísticas Gerais
  • Esse quiz foi jogado 1 048 vezes
  • A pontuação média é 19 de 20
Estatísticas das Respostas
Hint Resposta % Correto
RJ Flamengo
99%
SP São Paulo
99%
GO Atlético-GO
98%
MG Atlético-MG
98%
SP Corinthians
98%
RJ Fluminense
98%
RS Grêmio
98%
RS Internacional
98%
SP Palmeiras
98%
MG Cruzeiro
97%
SP Santos
97%
RJ Vasco
97%
BA Bahia
96%
RJ Botafogo
96%
PE Sport
90%
PR Coritiba
89%
SP Ponte Preta
83%
SC Figueirense
81%
PE Náutico
79%
SP Portuguesa
76%
Nenhum quiz correspondente encontrado
Distribuição das Pontuações
Porcentagem de Pessoas com Cada Pontuação
Percentil de Números Respondidos
Sua Pontuação Histórica
Você não jogou esse quiz